000 00389nam a22001577a 4500
999 _c144422
_d144422
020 _a9789389155105
082 _aM1
_bRAT/S
100 _aRatheesh K
245 _aSathyasandamaya moshanangal/
_cby Ratheesh K
260 _aKozhikode:
_bInsight Publica,
_c2019.
300 _a79p.
650 _aPoetry Malayalam
650 _aLiterature Malayalam
650 _aLiterature
942 _cBK